1549 1405 1142 1879 1322 1385 1025 1863 1225 1928 1960 1847 1000 1279 1203 1829 1521 1383 1314 1013 1293 1765 1034 1906 1803 1733 1304 1222 1535 1315 1761 1491 1378 1945 1136 1328 1356 1748 1720 1652 1486 1283 1964 1094 1006 1237 1555 1049 1604 1626 1952 1169 1046 1700 1571 1289 1736 1848 1078 1198 1352 1853 1164 1842 1897 1508 1421 1156 1595 1234 1207 1222 1096 1642 1011 1260 1275 1272 1016 1206 1580 1761 1391 1468 1773 1150 1227 1923 1442 1498 1404 1819 1873 1118 1203 1801 1038 1784 1479 BCNSPRNW ULIB Ver.6.0+V

เปลี่ยนเป็นภาษาไทย

Change to English
 แสดงรายละเอียดบรรณานุกรม
  กลับหน้าหลัก

Brief Record : Get Marc (ISO 2709) : E-mail record : QR code < ปิดหน้าต่าง
LEADER : 00000nam 2200000uu 4500
001    13399111585
003     ULIB
008    110703s||||||||th 000 0 tha d
020    9749338359
050  4 BQ4570^bม841ก 2548
100 0  เมธิโน ภิกขุ (วิโมกข์)
245 10 การพัฒนาสติในการภาวนา /^cโดย เมธิโน ภิกขุ (วิโมกข์)
250    พิมพ์ครั้งที่ 1
260    กรุงเทพฯ :^bสุภา,^c2548
300    212 หน้า ;^bภาพประกอบ ;^c21 ซม.
650  4 สมาธิ
650  4 อนาปานสติ
650  4 การหายใจ^xแง่ศาสนา^xพุทธศาสนา
650  4 สติ (พุทธศาสนา)
650  4 กรรมฐาน
945    ^p120^l0^i019043
995    ทศพร
999 ^a ใช้งานได้ทุกระบบ
รายการนี้ยังไม่มีแท็ก
คุณยังไม่ได้ล็อกอิน คุณสามารถมีกิจกรรมร่วมกับเว็บไซต์ได้ แต่ต้องล็อกอินก่อน ::
  ล็อกอิน

รายการสื่อสารสนเทศ

ลำดับที่ ประเภท เลขเรียก/บาร์โค้ด สถานที่ สถานะ
- ไม่พบข้อมูล -

รายการใกล้เคียง
    หัวเรื่อง [สมาธิ]
    หัวเรื่อง [กรรมฐาน]

BibComment


ยังไม่เคยถูกคอมเมนท์

คอมเมนท์ทรัพยากรรายการนี้
  คอมเมนท์: การพัฒนาสติในการภ..


 Copyright 2026. Bcnsprnw @Library